Admissions testing and the public interest : proceedings of the 1980 ETS Invitational Conference /

Bibliographic Details
Corporate Authors: ETS Invitational Conference New York, N.Y., Educational Testing Service
Other Authors: Schrader, William Benton, 1914-
Format: Conference Proceeding Book
Language:English
Published: San Francisco : Jossey-Bass, 1981.
Series:New directions for testing and measurement ; no. 9.
Subjects:

MARC

Tag First Indicator Second Indicator Subfields
LEADER 00000cam a2200000 a 4500
001 in00000090898
005 20151008063816.0
008 820126s1981 cau b 10110 eng
010 |a  80084309  
020 |z 0875899718 (pbk.) 
035 |a (OCoLC)07527068 
035 |9 AAK2962AM 
039 0 |a 2  |b 3  |c 3  |d 3  |e 3 
040 |a DLC  |c DLC  |d TXA  |d UtOrBLW 
043 |a n-us--- 
049 |a TXAM  |c [1361660] 
050 0 0 |a LB2353.2  |b .E87 1980 
082 0 |a 378/.1664  |2 19 
111 2 |a ETS Invitational Conference  |n (41st :  |d 1980 :  |c New York, N.Y.) 
245 1 0 |a Admissions testing and the public interest :  |b proceedings of the 1980 ETS Invitational Conference /  |c William B. Schrader, editor. 
264 1 |a San Francisco :  |b Jossey-Bass,  |c 1981. 
300 |a x, 114 pages ;  |c 24 cm. 
336 |a text  |b txt  |2 rdacontent 
337 |a unmediated  |b n  |2 rdamedia 
338 |a volume  |b nc  |2 rdacarrier 
490 1 |a New directions for testing and measurement,  |x 0271-0609 : ;  |v no. 9 
500 |a Conference held October 25, 1980 in New York, N.Y. and sponsored by the Educational Testing Service. 
504 |a Includes bibliographies and index. 
650 0 |a Universities and colleges  |z United States  |x Examinations  |x Congresses. 
700 1 |a Schrader, William Benton,  |d 1914- 
710 2 |a Educational Testing Service. 
830 0 |a New directions for testing and measurement ;  |v no. 9. 
999 |a MARS 
999 f f |s 7adfb49b-ad86-3d95-9c1f-2eb68ac97f06  |i b710a79b-0e97-3c63-aac2-5e019fc19929  |t 0 
952 f f |p normal  |a Texas A&M University  |b College Station  |c Sterling C. Evans Library  |d Evans: Library Stacks  |t 0  |e LB2353.2 .E87 1980  |h Library of Congress classification  |i unmediated -- volume  |m A14806161893 
998 f f |a LB2353.2 .E87 1980  |t 0  |l Evans: Library Stacks